Costos y presupuestos : (Registro nro. 5848)

Detalles MARC
000 -LEADER
fixed length control field 01097nam a2200265Ia 4500
003 - CONTROL NUMBER IDENTIFIER
control field OSt
005 - DATE AND TIME OF LATEST TRANSACTION
control field 20200715005615.0
008 - FIXED-LENGTH DATA ELEMENTS--GENERAL INFORMATION
fixed length control field 191128s1997 ck ad fr 000 0 spa d
020 ## - INTERNATIONAL STANDARD BOOK NUMBER
International Standard Book Number 9589057829
040 ## - CATALOGING SOURCE
Original cataloging agency CO-JMCR
Transcribing agency CO-JMCR
041 0# - LANGUAGE CODE
Language code of text/sound track or separate title spa
082 04 - DEWEY DECIMAL CLASSIFICATION NUMBER
Classification number 338.51 /
Item number B871c
Edition number 23
100 1# - MAIN ENTRY--PERSONAL NAME
Personal name Burbano Perez, Antonio Jose,
Relator term autor
9 (RLIN) 7268
245 10 - TITLE STATEMENT
Title Costos y presupuestos :
Remainder of title conceptos fundamentales para la gerencia /
Statement of responsibility, etc. Antonio J. Burbano P.
250 ## - EDITION STATEMENT
Edition statement primera edición
260 ## - PUBLICATION, DISTRIBUTION, ETC.
Place of publication, distribution, etc. Bogotá :
Name of publisher, distributor, etc. Uniandes,
Date of publication, distribution, etc. 1997
300 ## - PHYSICAL DESCRIPTION
Extent 134 páginas :
Other physical details gráficos a blanco y negro ;
Dimensions 23 cm.
490 0# - SERIES STATEMENT
Series statement Finanzas
504 ## - BIBLIOGRAPHY, ETC. NOTE
Bibliography, etc. note Bibliografía: páginas 133-134
505 0# - FORMATTED CONTENTS NOTE
Formatted contents note Conceptos básicos y terminología -- Utilización de los costos para la toma de decisiones -- Asignación de costos -- Empresas comerciales y de servicios -- Sistemas de costos basados en actividades (ABC) -- Presupuesto -- Técnicas para mejorar las decisiones
650 14 - SUBJECT ADDED ENTRY--TOPICAL TERM
Topical term or geographic name entry element Contabilidad de costos
9 (RLIN) 7269
650 14 - SUBJECT ADDED ENTRY--TOPICAL TERM
Topical term or geographic name entry element Contabilidad administrativa
9 (RLIN) 7270
650 14 - SUBJECT ADDED ENTRY--TOPICAL TERM
Topical term or geographic name entry element Toma de desiciones
9 (RLIN) 7271
942 ## - ADDED ENTRY ELEMENTS (KOHA)
Source of classification or shelving scheme Dewey Decimal Classification
Koha item type Books
Existencias
Withdrawn status Lost status Source of classification or shelving scheme Damaged status Not for loan Collection code Home library Current library Date acquired Source of acquisition Full call number Barcode Date last seen Copy number Koha item type
    Dewey Decimal Classification     Non-fiction Biblioteca Pública José María del Castillo y Rada Biblioteca Pública José María del Castillo y Rada 04/15/2018 Donación 338.51 / B871c 430005536 05/16/2024 Ej.1 Books